Prostriedky šírenia štatistických údajov prostredníctvom rodiny produktov PC-AXIS

Bibliographic Details
Main Author: Neborásek, Branislav (Author)
Format: Article
Language:Slovak
PhysicalDescription:Obr.
Subjects:

MARC

LEADER 00000nab a2200000 a 4500
001 vtls008295291
003 SK-MaSNL
005 20260304140126.0
008 250505c2004 xo mr|p|||||||000 b|slo
015 |a SNKBUCL2005/08  |2 snkbucl 
035 |a (sysno)vtls008295291 
035 |a urn:nbn:sk:snk-ab7601 
035 |a (uuid)ad3f1a95-bc4a-4fed-8d12-e38dd3b0cb10 
035 |a (urnnbn)urn:nbn:sk:snk:ar-a0715h 
038 |a SNKBUCL 
040 |a SNKBUCL  |b slo  |c SNKBUCL  |e AACR2 
041 0 |a slo  |b eng 
044 |a xo  |c SK 
080 |a 311.312  |x (437.6)  |2 1997 
100 1 |a Neborásek, Branislav  |4 aut  |9 1456196 
245 1 0 |a Prostriedky šírenia štatistických údajov prostredníctvom rodiny produktov PC-AXIS  |c Branislav Neborásek 
300 |c Obr. 
546 |a Res. angl. 
650 0 7 |a štátna štatistika  |2 snkbucl  |9 1451315 
650 0 7 |a štatistické údaje  |2 snkbucl  |9 71119 
650 0 7 |a šírenie  |2 snkbucl  |9 592969 
773 0 |t Slovenská štatistika a demografia  |g Roč. 14, č. 4 (2004), s. 27-34 
850 |a Slovenská národná knižnica 
852 |a Slovenská národná knižnica 
954 |a odborná, vedecká literatúra pôvodná (slovenská)  |2 lita 
958 |a article27 
958 |a OND 
958 |a EUIPO 
999 |c 2913766  |d 2915696